[Event "4NCL/Div1/WGR2 vs. BET"]
[Site "Telford ENG"]
[Date "2004.03.21"]
[Round "6.6"]
[White "Ansell, Simon"]
[Black "Levitt, Jonathan P"]
[Result "0-1"]
[WhiteElo "2371"]
[BlackElo "2425"]
[PlyCount "80"]
[EventDate "2004.03.21"]

1. e4 e6 2. d3 c5 3. Nf3 Nc6 4. g3 Nge7 5. Bg2 g6 6. O-O Bg7 7. c3 e5 8. a3 d6
9. b4 a6 10. Nbd2 O-O 11. Re1 h6 12. Nc4 Be6 13. Ne3 b5 14. Nd2 a5 15. bxa5
Qxa5 {(=)} 16. Bb2 Rfb8 17. Nd5 Qa7 18. Qc2 Na5 19. Reb1 Nxd5 20. exd5 Bd7 21.
Bc1 Qc7 22. Ra2 Rb7 23. c4 Rab8 24. cxb5 Bxb5 25. a4 Ba6 26. Rxb7 Rxb7 27. Bb2
c4 28. dxc4 Nxc4 29. Bf1 Nxd2 30. Qxc7 Nf3+ 31. Kh1 Rxc7 32. Bxa6 e4 33. Bxg7
Rc1+ 34. Kg2 Rg1+ 35. Kh3 Kxg7 36. Be2 f5 37. Bxf3 exf3 38. Rb2 g5 39. Rb7+ Kg6
40. Rd7 Kh5 0-1

[Event "4NCL/Div1/WGR2 vs. BET"]
[Site "Telford ENG"]
[Date "2004.03.21"]
[Round "6.7"]
[White "Dembo, Yelena (IM)"]
[Black "Ledger, David J"]
[Result "1/2-1/2"]
[WhiteElo "2424"]
[BlackElo "2289"]
[PlyCount "83"]
[EventDate "2004.03.21"]

1. e4 e5 2. Nf3 Nc6 3. Bb5 Nf6 4. O-O Bc5 5. c3 O-O 6. d4 Bb6 7. Bg5 d6 8. Qd3
h6 9. Bh4 g5 10. Bg3 exd4 11. Nxd4 Nxd4 12. cxd4 c6 13. Ba4 d5 14. exd5 Nxd5
15. Bc2 f5 16. Nc3 Kh7 17. Nxd5 Qxd5 18. Rae1 Bxd4 19. Re7+ Kg6 20. Qe2 Bf6 21.
Rd1 Qb5 22. Qe1 Qxb2 23. Re8 Be6 24. Rxe6 Qxc2 25. Be5 Rae8 26. Rdd6 Rxe6 27.
Rxe6 f4 28. g4 fxg3 29. hxg3 Qf5 30. Bd4 c5 31. Bc3 b6 32. Qe2 Kh7 33. Bxf6
Rxf6 34. Re7+ Rf7 35. g4 Qf6 36. Re6 Qa1+ 37. Kg2 Kg7 38. Qe4 Rf6 39. Re7+ Rf7
40. Re6 Rf6 41. Re7+ Rf7 42. Re6 1/2-1/2

[Event "4NCL/Div1/WGR2 vs. BET"]
[Site "Telford ENG"]
[Date "2004.03.21"]
[Round "6.8"]
[White "Lyell, Meri"]
[Black "Rechel, Bernd"]
[Result "0-1"]
[WhiteElo "2010"]
[BlackElo "2420"]
[PlyCount "94"]
[EventDate "2004.03.21"]

1. e4 c5 2. b3 d6 3. Bb5+ Nd7 4. Bb2 Ngf6 5. Nc3 a6 6. Bxd7+ Bxd7 7. f4 e6 8.
Nf3 Be7 9. O-O O-O 10. Qe1 Bc6 11. d3 d5 12. Ne5 Qc7 13. Qg3 d4 14. Nxc6 Qxc6
15. Ne2 Rad8 16. Qh3 Nd7 17. Ng3 f6 18. Rf3 g6 19. Re1 Rde8 20. f5 Ne5 21. Rf2
Bd8 22. Ref1 Rf7 23. Bc1 b5 24. Ne2 exf5 25. exf5 g5 26. Ng3 c4 27. Ne4 cxd3
28. cxd3 Nxd3 29. Nxf6+ Bxf6 30. Qxd3 Qc3 31. Qd1 Rfe7 32. Qh5 d3 33. Bxg5 Re1
34. Bxf6 Qxf6 35. Qg4+ Kh8 36. Qb4 R1e2 37. Rxe2 Rxe2 38. Qc5 d2 39. Qc8+ Kg7
40. Qd7+ Kf8 41. Qc8+ Kg7 42. Qd7+ Kh6 43. Qd3 Qb6+ 44. Kh1 Qe3 45. Qd6+ Kh5
46. f6 Re1 47. Qd5+ Kh6 0-1

[Event "4NCL/Div1/AD1 vs. MMNWE1"]
[Site "Telford ENG"]
[Date "2004.03.21"]
[Round "6.1"]
[White "Mestel, A Jonathan"]
[Black "Hanley, Craig A"]
[Result "1-0"]
[WhiteElo "2496"]
[BlackElo "2322"]
[PlyCount "59"]
[EventDate "2004.03.21"]

1. c4 Nf6 2. Nc3 g6 3. g3 Bg7 4. Bg2 O-O 5. d3 e5 6. Nf3 d6 7. O-O Nc6 8. Rb1
a5 9. a3 h6 10. b4 axb4 11. axb4 Re8 12. b5 Nd4 13. e3 Nxf3+ 14. Bxf3 Nd7 15.
Nd5 Nc5 16. b6 cxb6 17. Nxb6 Bf5 18. e4 Bh3 19. Bg2 Bxg2 20. Kxg2 Ra2 21. Be3
h5 22. Nd5 Qc8 23. Bxc5 dxc5 24. Qb3 Rd2 25. Rb2 Rxb2 26. Qxb2 h4 27. h3 Re6
28. Rb1 hxg3 29. fxg3 Qd8 30. Qxb7 1-0

[Event "4NCL/Div1/AD1 vs. MMNWE1"]
[Site "Telford ENG"]
[Date "2004.03.21"]
[Round "6.2"]
[White "Crouch, Colin S"]
[Black "Richardson, John R"]
[Result "1/2-1/2"]
[WhiteElo "2365"]
[BlackElo "2293"]
[PlyCount "131"]
[EventDate "2004.03.21"]

1. d4 Nf6 2. c4 e6 3. Nc3 Bb4 4. e3 c5 5. Bd3 d5 6. Nge2 dxc4 7. Bxc4 Nc6 8.
O-O O-O 9. a3 Bxc3 10. bxc3 e5 11. Bb2 Qc7 12. Rc1 Na5 13. Ba2 c4 14. Ng3 e4
15. f3 Nd5 16. Qe2 exf3 17. Qxf3 Nb6 18. e4 Na4 19. Rc2 Nxb2 20. Rxb2 Qe7 21.
Rbf2 Qxa3 22. Nh5 Qd6 23. e5 Qg6 24. Nf4 Qg5 25. Qd5 Qd8 26. Bxc4 Nxc4 27. Qxc4
Qe8 28. Qd3 Bd7 29. Qg3 Kh8 30. d5 Bb5 31. Re1 Rc8 32. Re3 Qe7 33. h3 Bc4 34.
Ref3 Rg8 35. e6 fxe6 36. d6 Qd8 37. Rd2 Rc5 38. Rd4 Rg5 39. Qe1 e5 40. Rxc4
exf4 41. Rd4 Rf5 42. Qe4 Qd7 43. Rxf4 Rxf4 44. Qxf4 Rd8 45. Re4 h6 46. Re7 Qb5
47. Qf7 Qc5+ 48. Kh1 Qxc3 49. Re8+ Rxe8 50. Qxe8+ Kh7 51. d7 Qc1+ 52. Kh2 Qf4+
53. Kg1 Qc1+ 54. Kf2 Qd2+ 55. Kf3 Qd3+ 56. Kf4 Qd2+ 57. Ke5 Qe3+ 58. Kd6 Qb6+
59. Kd5 Qb5+ 60. Ke6 Qc6+ 61. Kf5 Qd5+ 62. Kf4 Qd2+ 63. Kg3 Qd6+ 64. Kf2 Qd2+
65. Kf1 Qd1+ 66. Kf2 1/2-1/2

[Event "4NCL/Div1/AD1 vs. MMNWE1"]
[Site "Telford ENG"]
[Date "2004.03.21"]
[Round "6.3"]
[White "Lyell, Mark"]
[Black "Ghasi, Ameet K"]
[Result "0-1"]
[WhiteElo "2272"]
[BlackElo "2344"]
[PlyCount "90"]
[EventDate "2004.03.21"]

1. e4 c5 2. b3 Nc6 3. Bb2 e6 4. Nf3 a6 5. g3 d5 6. exd5 exd5 7. Qe2+ Qe7 8.
Qxe7+ Ngxe7 9. Bg2 Bf5 10. Na3 O-O-O 11. O-O f6 12. Nh4 Be6 13. Rfe1 Bf7 14.
Rad1 Kb8 15. d3 d4 16. Nc4 Nd5 17. a4 Ncb4 18. Re2 g5 19. Nf5 Bh5 20. f3 Bg6
21. Bh3 h5 22. Rde1 Rg8 23. Kf2 Kc7 24. Ba3 Nc6 25. Bc1 Bf7 26. Bd2 b5 27. axb5
axb5 28. Na5 Ncb4 29. Bxb4 Nxb4 30. Ne7 {(=)} 30... Rg7 31. f4 gxf4 32. gxf4
Bd5 33. Nf5 Rg8 34. Ne7 Bxe7 35. Rxe7+ Kb6 36. Be6 Rge8 37. Bxd5 Rxe7 38. Rxe7
Rxd5 39. Nb7 Nxc2 40. Rf7 Na1 41. b4 cxb4 42. Na5 b3 43. Rb7+ Kxa5 44. Ra7+ Kb4
45. Rxa1 b2 0-1

[Event "4NCL/Div1/AD1 vs. MMNWE1"]
[Site "Telford ENG"]
[Date "2004.03.21"]
[Round "6.4"]
[White "Quillan, Gary"]
[Black "Snape, Ian"]
[Result "1/2-1/2"]
[WhiteElo "2323"]
[BlackElo "2251"]
[PlyCount "48"]
[EventDate "2004.03.21"]

1. e4 c5 2. Nc3 g6 3. d4 cxd4 4. Qxd4 Nf6 5. e5 Nc6 6. Qf4 Nh5 7. Qe4 d6 8. Bb5
dxe5 9. Bxc6+ bxc6 10. Qxc6+ Bd7 11. Qd5 Bg7 12. Bg5 Nf4 13. Bxf4 exf4 14. Nge2
Qc8 15. f3 O-O 16. O-O-O Bc6 17. Qg5 Rb8 18. Rd2 Qb7 19. b3 Rbc8 20. Rhd1 h5
21. Nd5 Bxd5 22. Qxd5 Qb6 23. Kb1 Qf6 24. Qd4 Qa6 1/2-1/2

[Event "4NCL/Div1/AD1 vs. MMNWE1"]
[Site "Telford ENG"]
[Date "2004.03.21"]
[Round "6.5"]
[White "Graham, David B"]
[Black "Kennaugh, Charles W"]
[Result "1/2-1/2"]
[WhiteElo "2237"]
[BlackElo "2290"]
[PlyCount "40"]
[EventDate "2004.03.21"]

1. e4 e5 2. Nf3 Nc6 3. d4 exd4 4. c3 d5 5. exd5 Qxd5 6. cxd4 Nf6 7. Nc3 Bb4 8.
Be2 Ne4 9. Bd2 Bxc3 10. bxc3 Nxd2 11. Qxd2 O-O 12. O-O Qd6 13. Rab1 b6 14. Bd3
h6 15. Rfe1 Bd7 16. d5 Ne7 17. Ne5 Rad8 18. Rb4 Bf5 19. Rd4 Bxd3 20. Qxd3 Qc5
1/2-1/2

[Event "4NCL/Div1/AD1 vs. MMNWE1"]
[Site "Telford ENG"]
[Date "2004.03.21"]
[Round "6.6"]
[White "Lund, D Brett"]
[Black "Anderton, David W"]
[Result "1/2-1/2"]
[WhiteElo "2231"]
[BlackElo "2256"]
[PlyCount "100"]
[EventDate "2004.03.21"]

1. c4 f5 2. g3 Nf6 3. Bg2 d6 4. Nc3 g6 5. d3 Nc6 6. e4 Bg7 7. Nge2 e5 8. O-O
O-O 9. Nd5 Ne7 10. Nxf6+ Bxf6 11. d4 fxe4 12. d5 Bg4 13. Bxe4 Bh3 14. Re1 Nf5
15. Qd3 Qd7 16. Bd2 Rf7 17. b4 b6 18. a4 Raf8 19. a5 Kh8 20. axb6 axb6 21. Ra7
g5 22. f3 h5 23. Kh1 Bd8 24. Bc3 Nh6 25. c5 bxc5 26. bxc5 Be7 27. c6 Qc8 28.
Ng1 Bf5 29. Bxf5 Rxf5 30. Rb1 Bd8 31. Rbb7 Kg7 32. Qb1 R5f7 33. Rb8 Qf5 34.
Qxf5 Nxf5 35. f4 gxf4 36. gxf4 Bf6 37. Rxf8 Kxf8 38. fxe5 Bxe5 39. Bxe5 dxe5
40. h3 Nd6 41. Kg2 Kg7 42. Nf3 Kf6 43. h4 e4 44. Ng5 Rg7 45. Kf2 Ke5 46. Ra5
Re7 47. Ne6 Rf7+ 48. Ke2 Nc4 49. Rb5 Nd6 50. Ra5 Nc4 1/2-1/2

[Event "4NCL/Div1/AD1 vs. MMNWE1"]
[Site "Telford ENG"]
[Date "2004.03.21"]
[Round "6.7"]
[White "Broom, Mark"]
[Black "Charleshouse, Glenn L"]
[Result "1/2-1/2"]
[WhiteElo "2170"]
[BlackElo "2238"]
[PlyCount "174"]
[EventDate "2004.03.21"]

1. c4 e6 2. g3 Nf6 3. Bg2 Be7 4. Nc3 O-O 5. e4 d6 6. d4 Nbd7 7. f4 e5 8. Nf3 a6
9. a4 exd4 10. Nxd4 a5 11. O-O Nc5 12. h3 c6 13. Be3 Qc7 14. Qc2 Re8 15. Nf3
Nfd7 16. Rae1 Na6 17. Bd4 Nb4 18. Qb1 b6 19. e5 Ba6 20. exd6 Bxd6 21. Ng5 Nf8
22. b3 Rad8 23. Rxe8 Rxe8 24. Nce4 Be7 25. Be5 Qa7 26. Nd6 Bxd6 27. Bxd6 h6 28.
Bxf8 hxg5 29. Bxb4 axb4 30. fxg5 b5+ 31. Kh1 bxa4 32. g6 Re7 33. Qf5 axb3 34.
Be4 Qd4 35. gxf7+ Kf8 36. Bg2 Qxc4 37. Qa5 Qxf1+ 38. Bxf1 Bxf1 39. Qxb4 Bb5 40.
Qxb3 Rxf7 41. Qa3+ Re7 42. Kg1 Kf7 {(=)} 43. Kf2 Re6 44. Kf3 Bc4 45. g4 g5 46.
Qa7+ Kg6 47. Qb8 Bd5+ 48. Kf2 Rf6+ 49. Ke2 Rf3 50. Qh8 Kf7 51. Qh5+ Ke6 52.
Qg6+ Kd7 53. Qxg5 Rxh3 54. Qe5 Rf3 55. g5 Rf7 56. Kd2 Rf2+ 57. Kc3 Rg2 58. Qf6
c5 59. g6 Rg3+ 60. Kd2 Rg2+ 61. Ke3 Rg3+ 62. Ke2 Rg2+ 63. Kf1 Rg4 64. g7 Be6
65. Kf2 Kd6 66. Kf3 Rg1 67. Qf8+ Kd5 68. Kf2 Rg6 69. Ke3 Rg3+ 70. Kf4 Rg4+ 71.
Kf3 Rg6 72. Qa8+ Ke5 73. Qh8 Kf5 74. Qf8+ Kg5 75. Qe7+ Kf5 76. Qxc5+ Kf6 77.
Qf8+ Bf7 78. Kf4 Rxg7 79. Qd8+ Kg6 80. Qf8 Rh7 81. Qd6+ Kg7 82. Qe5+ Kg8 83.
Qg5+ Kf8 84. Qc5+ Kg8 85. Qg1+ Kf8 86. Ke5 Rh6 87. Qc1 Re6+ 1/2-1/2

[Event "4NCL/Div1/AD1 vs. MMNWE1"]
[Site "Telford ENG"]
[Date "2004.03.21"]
[Round "6.8"]
[White "Walker, Ellen"]
[Black "Bellin, Jana"]
[Result "0-1"]
[WhiteElo "1568"]
[BlackElo "2209"]
[PlyCount "70"]
[EventDate "2004.03.21"]

1. e4 c5 2. Nf3 e6 3. d4 cxd4 4. Nxd4 a6 5. Nc3 Qc7 6. a3 Nf6 7. Be3 b5 8. Qd2
Bb7 9. f3 Nc6 10. Be2 Rc8 11. O-O Be7 12. Rad1 O-O 13. f4 d6 14. Bf3 Na5 15.
Qc1 Nc4 16. Rd3 Rfd8 17. Rfd1 Nd7 18. b3 Nxe3 19. Rxe3 Qb6 20. Qd2 g6 21. Kh1
Bf8 22. Bg4 Nf6 23. Nxe6 Nxg4 24. Nxd8 Nxe3 25. Re1 Ng4 26. Nxb7 Nf2+ 27. Kg1
Nxe4+ 28. Qe3 Qxe3+ 29. Rxe3 Nxc3 30. Rd3 Ne2+ 31. Kf2 Nxf4 32. Rd4 Rxc2+ 33.
Kf3 Ne6 34. Rd3 Nc5 35. Nxc5 dxc5 0-1

[Event "4NCL/Div1/WWKS vs. BAR1"]
[Site "Telford ENG"]
[Date "2004.03.21"]
[Round "6.1"]
[White "Mason, Don"]
[Black "Parker, Jonathan"]
[Result "0-1"]
[WhiteElo "2280"]
[BlackElo "2541"]
[PlyCount "70"]
[EventDate "2004.03.21"]

1. e4 e5 2. f4 exf4 3. Nf3 Be7 4. Bc4 Nf6 5. e5 Ng4 6. O-O O-O 7. Nc3 d6 8.
exd6 Bxd6 9. d4 Nd7 10. Ne4 Ndf6 11. Nxd6 Qxd6 12. Qd3 Nd5 13. Bxd5 Qxd5 14.
Bxf4 Bf5 15. Qd2 c6 16. b3 Be4 17. c4 Qd7 18. Rae1 Rfe8 19. Ng5 Bg6 20. d5 cxd5
21. Qxd5 Nf6 22. Qxd7 Nxd7 23. Bd6 Nf6 24. c5 Bd3 25. Rxe8+ Rxe8 26. Rd1 Bb5
27. Nf3 Ne4 28. Nd4 Nc3 29. Rc1 Ne2+ 30. Nxe2 Rxe2 31. a4 Bc6 32. Bg3 Rxg2+ 33.
Kf1 Rb2 34. Rc3 h6 35. h4 f6 0-1

[Event "4NCL/Div1/WWKS vs. BAR1"]
[Site "Telford ENG"]
[Date "2004.03.21"]
[Round "6.2"]
[White "Knott, Simon"]
[Black "Hynes, Anthony"]
[Result "1-0"]
[WhiteElo "2370"]
[BlackElo "2289"]
[PlyCount "143"]
[EventDate "2004.03.21"]

1. Nf3 Nf6 2. c4 g6 3. Nc3 Bg7 4. e4 d6 5. d4 O-O 6. Be2 e5 7. O-O Nc6 8. d5
Ne7 9. Ne1 Nd7 10. Nd3 f5 11. Bd2 Nf6 12. f3 f4 13. g4 fxg3 14. hxg3 Rf7 15.
Kg2 Qf8 16. Rh1 h5 17. Nb5 Qd8 18. Be3 a6 19. Nc3 Kf8 20. c5 Bd7 21. Rc1 Neg8
22. Qd2 Qe7 23. c6 bxc6 24. dxc6 Bxc6 25. Nb4 Bb7 26. Bc4 a5 27. Nd3 c6 28.
Bxf7 Kxf7 29. Nf2 Nd7 30. Rcd1 Bf8 31. g4 Ngf6 32. g5 Ne8 33. a3 Nc7 34. Qc2
Ne6 35. Nh3 Kg7 36. b4 Qf7 37. b5 c5 38. Qa2 Be7 39. Rhf1 Rf8 40. Rf2 Kh7 41.
a4 Nb6 42. Kh2 Bc8 43. Nd5 Nxd5 44. Qxd5 Qe8 45. Rb1 Nd8 46. Qd2 Qd7 47. Ng1
Ne6 48. b6 Nf4 49. Qxa5 Bb7 50. Qb5 Bc6 51. Qc4 d5 52. exd5 Nxd5 53. Rd1 Qb7
54. Bd2 Nxb6 55. Qe6 e4 56. f4 Bd5 57. Qh3 Bxg5 58. Be3 Qb8 59. Ne2 Bc4 60. Rg1
Bh6 61. Qg3 Rf6 62. Nc3 Bd3 63. a5 Nc4 64. Nd5 Re6 65. Bxc5 Nxa5 66. Bd4 Nc4
67. Nf6+ Rxf6 68. Bxf6 e3 69. Rf3 Nd2 70. Be5 Nxf3+ 71. Qxf3 Qb6 72. Qd5 1-0

[Event "4NCL/Div1/WWKS vs. BAR1"]
[Site "Telford ENG"]
[Date "2004.03.21"]
[Round "6.3"]
[White "Wu, Li"]
[Black "Palliser, Richard"]
[Result "0-1"]
[WhiteElo "2167"]
[BlackElo "2399"]
[PlyCount "118"]
[EventDate "2004.03.21"]

1. d4 Nf6 2. c4 e6 3. Nc3 c5 4. d5 exd5 5. cxd5 d6 6. Nf3 g6 7. Bf4 a6 8. e4 b5
9. Bd3 Bg4 10. O-O Bg7 11. Bxd6 Qxd6 12. e5 Qd8 13. exf6 Bxf6 14. Re1+ Kf8 15.
h3 Bc8 16. Ne4 Bb7 17. Nxf6 Qxf6 18. Be4 Kg7 19. Qd2 Re8 20. Rad1 Nd7 21. Ng5
Nb6 22. b3 Rad8 23. d6 Bc8 24. Nf3 Re6 25. Qc2 c4 26. bxc4 Nxc4 27. Bd5 Rexd6
28. Bxc4 Rxd1 29. Rxd1 Rxd1+ 30. Qxd1 bxc4 31. Nd2 Qd4 32. Qc1 Be6 33. Nb1 h6
34. Nc3 g5 35. Ne2 Qd3 36. Nc3 Kg6 37. Qe1 Qd4 38. Qc1 Qd3 39. Qe1 Qd4 40. Qc1
f5 41. Qa3 Kf7 42. Qb2 Kg7 43. Qa3 Bf7 44. Qc1 f4 45. Qe1 h5 46. Qc1 Qe5 47.
Qd2 g4 48. hxg4 hxg4 49. Ne2 g3 50. fxg3 Qe3+ 51. Qxe3 fxe3 52. Nd4 Bg6 53. Kf1
Bd3+ 54. Ke1 Kf6 55. g4 Ke5 56. Nf3+ Kf4 57. g5 c3 58. Kd1 e2+ 59. Kc1 Ke3 0-1

[Event "4NCL/Div1/WWKS vs. BAR1"]
[Site "Telford ENG"]
[Date "2004.03.21"]
[Round "6.4"]
[White "D'Costa, Lorin A R"]
[Black "Shephard, Chris C W"]
[Result "1-0"]
[WhiteElo "2351"]
[BlackElo "2144"]
[PlyCount "83"]
[EventDate "2004.03.21"]

1. d4 Nf6 2. c4 c5 3. d5 e5 4. Nc3 d6 5. e4 g6 6. Be2 Bg7 7. Nf3 a6 8. O-O O-O
9. Ne1 Nbd7 10. Rb1 Ne8 11. Nd3 f5 12. b4 b6 13. Bd2 Nef6 14. f3 f4 15. Qa4 Qc7
16. bxc5 bxc5 17. Nb5 axb5 18. Qxa8 b4 19. Qa4 Nb6 20. Qc2 Bd7 21. a3 Ba4 22.
Qc1 bxa3 23. Ba5 Nfd7 24. Qxa3 Bc2 25. Rb2 Bxd3 26. Qxd3 Ra8 27. Rb5 Bf6 28.
Rfb1 Ra6 29. g3 Qa7 30. Bc3 g5 31. Bf1 Nf8 32. Bh3 Bd8 33. Qc2 Ra3 34. Bf1 Nfd7
35. gxf4 gxf4 36. Bb2 Ra6 37. Qg2+ Kf8 38. Qg4 Nf6 39. Qe6 Qg7+ 40. Kh1 Qd7 41.
Bc3 Ra3 42. Ba5 1-0

[Event "4NCL/Div1/WWKS vs. BAR1"]
[Site "Telford ENG"]
[Date "2004.03.21"]
[Round "6.5"]
[White "Fishburne, Stewart K"]
[Black "Trent, Lawrence"]
[Result "0-1"]
[WhiteElo "2048"]
[BlackElo "2377"]
[PlyCount "50"]
[EventDate "2004.03.21"]

1. e4 e5 2. Nf3 Nc6 3. Bb5 Bc5 4. O-O Nf6 5. c3 O-O 6. d4 Bb6 7. d5 Ne7 8. Nxe5
Nxe4 9. Bd3 Nf6 10. c4 d6 11. Nf3 Bg4 12. Nbd2 Qd7 13. Qc2 Ng6 14. Ng5 Rae8 15.
Nde4 Nxe4 16. Nxe4 Ne5 17. Nc3 f5 18. Be3 Ba5 19. Rae1 Nxd3 20. Qxd3 f4 21. Bd4
f3 22. Re3 Bh5 23. Rfe1 Qg4 24. g3 Bg6 25. h3 Qxg3+ 0-1

[Event "4NCL/Div1/WWKS vs. BAR1"]
[Site "Telford ENG"]
[Date "2004.03.21"]
[Round "6.6"]
[White "Woodward, Timothy D M"]
[Black "Hunt, Malcolm A"]
[Result "1/2-1/2"]
[WhiteElo "2344"]
[BlackElo "1992"]
[PlyCount "119"]
[EventDate "2004.03.21"]

1. d4 d5 2. c4 c6 3. Nf3 Nf6 4. Nc3 a6 5. e3 b5 6. b3 Bg4 7. h3 Bxf3 8. gxf3
Nbd7 9. f4 e6 10. c5 Ne4 11. Qc2 Nxc3 12. Qxc3 a5 13. a3 f5 14. Bb2 a4 15. b4
Qh4 16. Qc2 Nf6 17. O-O-O Be7 18. Bd3 Ne4 19. Rh2 Qh5 20. Be2 Qh6 21. Kb1 Kd7
22. Rg1 Bh4 23. f3 Nf6 24. Bd3 g6 {(=)} 25. Bc1 Nh5 26. Re2 Rhf8 27. Reg2 Kc7
28. Bd2 Rae8 29. Qc1 Qg7 30. Qf1 Rb8 31. Bc2 Ra8 32. Qe2 Rfe8 33. Ka2 Bf6 34.
Qd3 Bh4 35. Qc3 Bf6 36. Qd3 Bh4 37. Bc3 Bf6 38. Qd2 Qh6 39. Bd3 Rab8 40. Qf2
Qg7 41. Bc2 Ra8 42. h4 Qe7 43. Rh2 Qg7 44. Rd1 Qe7 45. Be1 Qg7 46. Rh1 Red8 47.
Qh2 Rd7 48. Bf2 Rdd8 49. Rd2 Rd7 50. Rhd1 Qe7 51. Kb2 Qg7 52. Kb1 Qe7 53. Re1
Qg7 54. Qg1 Qh6 55. Rde2 Rad8 56. Bd3 Qg7 57. Rd2 Qh6 58. Qf1 Rb8 59. Bc2 Ra8
60. Bd3 1/2-1/2

[Event "4NCL/Div1/WWKS vs. BAR1"]
[Site "Telford ENG"]
[Date "2004.03.21"]
[Round "6.7"]
[White "Chevannes, Sabrina"]
[Black "Rogers, Jonathan W"]
[Result "0-1"]
[WhiteElo "2052"]
[BlackElo "2338"]
[PlyCount "62"]
[EventDate "2004.03.21"]

1. d4 d5 2. Nf3 Nf6 3. Bf4 e6 4. e3 b6 5. Bd3 Bb7 6. Nbd2 Be7 7. O-O O-O 8. Ne5
Nbd7 9. Qf3 Nxe5 10. Bxe5 Bd6 11. Qh3 h6 12. Bxf6 Qxf6 13. f4 a5 14. g4 g5 15.
Kh1 Qg7 16. fxg5 hxg5 17. Rf6 e5 18. Bf5 exd4 19. exd4 Rfe8 20. Rf1 Re2 21. Nf3
Qxf6 22. Bd3 Re4 23. Ne5 Qh8 24. Qxh8+ Kxh8 25. Nxf7+ Kg7 26. Bxe4 dxe4 27.
Nxg5 Kg6 28. Ne6 Re8 29. Nf4+ Bxf4 30. Rxf4 e3+ 31. Kg1 e2 0-1

[Event "4NCL/Div1/WWKS vs. BAR1"]
[Site "Telford ENG"]
[Date "2004.03.21"]
[Round "6.8"]
[White "Bhatia, Kanwal K"]
[Black "Cooper, David M"]
[Result "1/2-1/2"]
[WhiteElo "2065"]
[BlackElo "1952"]
[PlyCount "60"]
[EventDate "2004.03.21"]

1. e4 e6 2. d4 d5 3. Nd2 Nf6 4. e5 Nfd7 5. f4 c5 6. c3 Nc6 7. Ndf3 cxd4 8. cxd4
f5 9. Bd3 Nb6 10. Ne2 a5 11. Bd2 Be7 12. Rc1 O-O 13. Kf2 Bd7 14. Qg1 Nb4 15.
Bxb4 axb4 16. Bb1 Bb5 17. g4 Bxe2 18. Kxe2 Rc8 19. Qg3 Na4 20. gxf5 exf5 21.
Rcg1 g6 22. h4 Rc6 23. h5 Kf7 24. hxg6+ hxg6 25. Qh3 Qb6 26. Qh7+ Ke8 27. Qg7
Nxb2 28. Rc1 Qa6+ 29. Kf2 Nc4 30. Rcg1 Qa3 1/2-1/2

[Event "4NCL/Div1/AD1 vs. WWKS"]
[Site "West Bromwich ENG"]
[Date "2004.05.01"]
[Round "7.1"]
[White "Chandler, Murray G"]
[Black "Thomas, Nicholas"]
[Result "1-0"]
[WhiteElo "2520"]
[BlackElo "2289"]
[PlyCount "71"]
[EventDate "2004.05.01"]

1. e4 e6 2. d4 d5 3. Nc3 Bb4 4. e5 c5 5. a3 Bxc3+ 6. bxc3 Qc7 7. Nf3 b6 8. a4
Ba6 9. Bxa6 Nxa6 10. Qe2 Nb8 11. O-O Ne7 12. c4 cxd4 13. cxd5 Nxd5 14. Ba3 Nc6
15. Bd6 Qd7 16. Rfe1 Rc8 17. Qe4 f5 18. exf6 Qxd6 19. Qg4 Nc7 20. Ng5 gxf6 21.
Nxe6 Ne5 22. Nxc7+ Rxc7 23. f4 Rf8 24. fxe5 fxe5 25. Qh5+ Kd8 26. Rxe5 Rc5 27.
Qh4+ Kc8 28. Re2 Rcf5 {(=)} 29. Rd1 Rf4 30. Qxh7 Qf6 31. Ree1 Rh4 32. Qd3 Qf2+
33. Kh1 {(=)} 33... Rxh2+ 34. Kxh2 Rh8+ 35. Qh3+ Qf5 36. Qxh8+ 1-0

[Event "4NCL/Div1/AD1 vs. WWKS"]
[Site "West Bromwich ENG"]
[Date "2004.05.01"]
[Round "7.2"]
[White "Mason, Don"]
[Black "Hennigan, Michael T"]
[Result "0-1"]
[WhiteElo "2280"]
[BlackElo "2444"]
[PlyCount "126"]
[EventDate "2004.05.01"]

1. e4 c5 2. Nc3 d6 3. f4 Nc6 4. Nf3 e6 5. Be2 Nf6 6. d4 cxd4 7. Nxd4 Be7 8. Be3
O-O 9. O-O a6 10. Qe1 Nxd4 11. Bxd4 b5 12. a3 Bb7 13. Qg3 g6 14. Bf3 Qc7 15.
Rad1 Bc6 16. e5 Nd7 17. Ne4 Bxe4 18. Bxe4 d5 19. Bd3 Bc5 20. c3 Rac8 21. Qe3
Qb6 22. Rf3 Rfe8 23. h4 a5 24. h5 b4 25. axb4 axb4 26. Rh3 Nf8 27. hxg6 fxg6
28. g4 Qa5 29. Bxc5 Rxc5 30. cxb4 Qxb4 31. Rf1 Rc7 32. Rh2 Qc5 33. Qxc5 Rxc5
34. b4 Rc3 35. Rd2 Rb8 36. b5 Nd7 37. Ra1 Nc5 38. Bc2 Rxb5 39. f5 Rg3+ 40. Kf2
Rxg4 41. Ra8+ Kf7 42. Ra7+ Rb7 43. Rxb7+ Nxb7 44. fxe6+ Kxe6 45. Bb3 Nc5 46.
Bxd5+ Kxe5 47. Ke3 Ne4 48. Bxe4 Rxe4+ 49. Kf3 Rd4 50. Re2+ Kf5 51. Kg3 Rd3+ 52.
Kh2 g5 53. Ra2 Re3 54. Kg2 h5 55. Kf2 Kf4 56. Ra8 Re4 57. Ra2 h4 58. Kg2 Kg4
59. Ra5 h3+ 60. Kh2 Kh4 61. Ra8 Re2+ 62. Kg1 g4 63. Ra4 Kg3 0-1

[Event "4NCL/Div1/AD1 vs. WWKS"]
[Site "West Bromwich ENG"]
[Date "2004.05.01"]
[Round "7.3"]
[White "Mestel, A Jonathan"]
[Black "Hynes, Anthony"]
[Result "1-0"]
[WhiteElo "2496"]
[BlackElo "2263"]
[PlyCount "35"]
[EventDate "2004.05.01"]

1. c4 Nf6 2. Nc3 g6 3. e4 e5 4. Nf3 d6 5. d4 Qe7 6. Bg5 c6 7. c5 Bg4 8. cxd6
Qxd6 9. Qb3 Bxf3 10. Qxb7 exd4 11. Nd5 cxd5 12. Bb5+ Nbd7 13. Bxf6 Rd8 14. Bxd8
Kxd8 15. gxf3 dxe4 16. Rc1 Nb6 17. O-O Qe5 18. Rc8+ 1-0

[Event "4NCL/Div1/AD1 vs. WWKS"]
[Site "West Bromwich ENG"]
[Date "2004.05.01"]
[Round "7.4"]
[White "Dighton, Simon"]
[Black "Snape, Ian"]
[Result "1-0"]
[WhiteElo "2247"]
[BlackElo "2245"]
[PlyCount "61"]
[EventDate "2004.05.01"]

1. e4 c5 2. c3 e6 3. d4 d5 4. exd5 exd5 5. Nf3 Nc6 6. Bb5 Bd6 7. dxc5 Bxc5 8.
O-O Nge7 9. Bg5 O-O 10. Nbd2 Qb6 11. Qa4 f6 12. Bh4 a6 13. Bxc6 bxc6 14. Nb3
Bd6 15. Bg3 Nf5 16. Bxd6 Nxd6 17. Qd4 Qb5 18. Rfe1 Bf5 19. Qf4 Qb8 20. Nfd4 Bd7
21. Re7 Rf7 22. Rae1 Ne4 23. Qxb8+ Rxb8 24. Rxf7 Kxf7 25. f3 Nd6 26. Nc5 Be8 {
(=)} 27. b3 a5 28. Kf2 g6 29. Nde6 Nb7 30. Nxb7 Rxb7 31. Nd8+ 1-0

[Event "4NCL/Div1/AD1 vs. WWKS"]
[Site "West Bromwich ENG"]
[Date "2004.05.01"]
[Round "7.5"]
[White "Lyell, Mark"]
[Black "James, Russell A"]
[Result "0-1"]
[WhiteElo "2254"]
[BlackElo "2209"]
[PlyCount "76"]
[EventDate "2004.05.01"]

1. e4 d5 2. exd5 Nf6 3. d4 Bg4 4. Nf3 Qxd5 5. Be2 Nc6 6. c4 Qf5 7. Be3 O-O-O 8.
Nc3 e5 9. d5 Bxf3 10. Bxf3 e4 11. Nxe4 Ne5 12. Nxf6 Bb4+ 13. Kf1 Qxf6 14. Qa4
Nxf3 15. Qxb4 Rhe8 16. Qa3 Nd4 17. Rc1 Nf5 18. Bxa7 Rd6 19. Qc3 Qxc3 20. Rxc3
b6 21. Rf3 Re5 22. g4 Nh6 23. Rg1 Kb7 24. Ra3 Re4 25. Rgg3 Rxc4 26. Rge3 Rxd5
27. Re7 Rcd4 28. h4 Rd7 29. Re8 Rd8 30. Re7 R4d7 31. Re4 Ra8 32. Rea4 c5 33. f3
Kc6 34. Kf2 f5 35. g5 Nf7 36. f4 Nd6 37. h5 Nb5 38. Re3 Raxa7 {time} 0-1

[Event "4NCL/Div1/AD1 vs. WWKS"]
[Site "West Bromwich ENG"]
[Date "2004.05.01"]
[Round "7.6"]
[White "Wu, Li"]
[Black "Cafferty, Bernard"]
[Result "1/2-1/2"]
[WhiteElo "2197"]
[BlackElo "2219"]
[PlyCount "43"]
[EventDate "2004.05.01"]

1. d4 Nf6 2. Bg5 Ne4 3. Bf4 d5 4. e3 e6 5. Bd3 c5 6. Bxe4 dxe4 7. Ne2 cxd4 8.
Qxd4 Qxd4 9. exd4 Bd7 10. Nd2 Bc6 11. O-O Nd7 12. Ng3 f5 13. f3 exf3 14. Nxf3
Be7 15. Rae1 Kf7 16. Ng5+ Bxg5 17. Bxg5 Rhe8 18. c4 h6 19. Bd2 Nf6 20. Bc3 g6
21. Re5 b6 22. b3 1/2-1/2

[Event "4NCL/Div1/AD1 vs. WWKS"]
[Site "West Bromwich ENG"]
[Date "2004.05.01"]
[Round "7.7"]
[White "Anderton, David W"]
[Black "Pitcher, John"]
[Result "1-0"]
[WhiteElo "2256"]
[BlackElo "2185"]
[PlyCount "91"]
[EventDate "2004.05.01"]

1. d4 d5 2. c4 c6 3. Nf3 Nf6 4. e3 a6 5. Bd3 Bg4 6. Nbd2 e6 7. Qc2 Nbd7 8. b3
Bd6 9. Bb2 Qb8 10. h3 Bxf3 11. Nxf3 O-O 12. O-O Re8 13. Rad1 Qc7 14. c5 Bf8 15.
b4 g6 16. Ne5 Nxe5 17. dxe5 Nd7 18. f4 a5 19. a3 axb4 20. axb4 b6 21. cxb6 Qxb6
22. Bd4 c5 23. bxc5 Bxc5 24. Rb1 Bxd4 25. Rxb6 Bxe3+ 26. Kh1 Nxb6 27. h4 d4 28.
h5 Nd5 29. hxg6 hxg6 30. Bxg6 Kg7 31. Bh5 Rh8 32. g4 Rhc8 33. Qg2 d3 34. f5 Rc2
35. Qh3 Bf4 36. f6+ Kf8 37. Qxd3 Rc3 38. Qxc3 Nxc3 39. Rxf4 Ra1+ 40. Kh2 Nd5
41. Rc4 Ra8 42. Kg3 Kg8 43. Kh4 Rd8 44. Kg5 Kf8 45. Rc6 Ke8 46. Rxe6+ 1-0